[Event "Guimaraes op"]
[Site "Guimaraes POR"]
[Date "2018.10.05"]
[Round "3.3"]
[White "Spraggett, Kevin"]
[Black "Pinho, Paulo"]
[Result "1-0"]
[WhiteElo "2513"]
[BlackElo "2212"]
[PlyCount "93"]
[EventDate "2018.10.04"]
[EventType "swiss"]
[EventRounds "7"]
[EventCountry "POR"]
[Source "ChessMix"]
[SourceDate "2018.10.10"]

1. d4 Nf6 2. c4 g6 3. Nc3 Bg7 4. e4 d6 5. Nf3 O-O 6. Be2 e5 7. O-O Nbd7 8. Re1
c6 9. Bf1 Nh5 10. d5 c5 11. g3 Bf6 12. Bh6 Ng7 13. a3 Be7 14. b4 b6 15. Rb1 Nf6
16. h3 Kh8 17. bxc5 bxc5 18. Bg2 Ng8 19. Bd2 f5 20. exf5 gxf5 21. Rb3 Bd7 22.
Qe2 Rb8 23. Reb1 Rxb3 24. Rxb3 Qc8 25. Kh2 Nf6 26. Bh6 Ng8 27. Bc1 Nf6 28. Qb2
Qe8 29. Rb7 Qh5 30. Nh4 f4 31. Qe2 Qh6 32. Bd2 Bd8 33. Nb5 Bc8 34. Rb8 Be7 35.
Bxf4 Qh5 36. Qxh5 Nfxh5 37. Be3 Bxh4 38. Nxa7 Be7 39. Rxc8 Nf5 40. Rxf8+ Bxf8
41. g4 Nxe3 42. fxe3 Nf6 43. a4 Nd7 44. Nc8 Kg7 45. Be4 h6 46. a5 Nb8 47. Bc2
1-0

[Event "Guimaraes op"]
[Site "Guimaraes POR"]
[Date "2018.10.06"]
[Round "4.3"]
[White "Martin Duque, Jesus"]
[Black "Spraggett, Kevin"]
[Result "0-1"]
[WhiteElo "2354"]
[BlackElo "2513"]
[PlyCount "78"]
[EventDate "2018.10.04"]
[EventType "swiss"]
[EventRounds "7"]
[EventCountry "POR"]
[Source "ChessMix"]
[SourceDate "2018.10.10"]

1. e4 c6 2. d4 d5 3. e5 Bf5 4. Nd2 e6 5. Nb3 Nd7 6. Nf3 h6 7. Be2 Ne7 8. O-O
Qc7 9. a4 a5 10. c3 b6 11. Ne1 Bh7 12. Bd2 Rd8 13. Nc1 c5 14. Ncd3 Nc6 15. Be3
Be7 16. Nc2 O-O 17. Na3 Na7 18. Nf4 Kh8 19. Nh5 Rg8 20. Bg4 Qc6 21. Bh3 Rdf8
22. Nb1 b5 23. Nd2 bxa4 24. Rxa4 cxd4 25. Bxd4 Qc7 26. f4 Nc5 27. Ra2 Nc6 28.
Be3 Rb8 29. Kh1 Nd3 30. b3 Nc5 31. Re1 Rgd8 32. Bg1 d4 33. cxd4 Nxd4 34. Qg4
Bg6 35. Rc1 Qb7 36. Rc3 Ncxb3 37. Nc4 Qb4 38. Rcc2 Nxc2 39. Rxc2 Nd4 0-1

[Event "Guimaraes op"]
[Site "Guimaraes POR"]
[Date "2018.10.06"]
[Round "5.3"]
[White "Spraggett, Kevin"]
[Black "Khamrakulov, Ibragim"]
[Result "1/2-1/2"]
[WhiteElo "2513"]
[BlackElo "2432"]
[PlyCount "23"]
[EventDate "2018.10.04"]
[EventType "swiss"]
[EventRounds "7"]
[EventCountry "POR"]
[Source "ChessMix"]
[SourceDate "2018.10.10"]

1. d4 Nf6 2. c4 e6 3. Nf3 b6 4. a3 d5 5. cxd5 exd5 6. Nc3 Be7 7. Bf4 O-O 8. Rc1
c5 9. e3 Nc6 10. Be2 Bb7 11. O-O Ne4 12. Nxe4 1/2-1/2

[Event "Guimaraes op"]
[Site "Guimaraes POR"]
[Date "2018.10.07"]
[Round "6.3"]
[White "Huerga Leache, Mikel"]
[Black "Spraggett, Kevin"]
[Result "1/2-1/2"]
[WhiteElo "2446"]
[BlackElo "2513"]
[PlyCount "167"]
[EventDate "2018.10.04"]
[EventType "swiss"]
[EventRounds "7"]
[EventCountry "POR"]
[Source "ChessMix"]
[SourceDate "2018.10.10"]

1. d4 Nf6 2. Nf3 e6 3. Bf4 d5 4. e3 Bd6 5. Bg3 O-O 6. Nbd2 c5 7. c3 Nc6 8. Bb5
Ne7 9. Bd3 Nf5 10. Bxf5 exf5 11. Bxd6 Qxd6 12. dxc5 Qxc5 13. O-O Re8 14. Qa4
Bd7 15. Qd4 Qe7 16. Nb3 b6 17. Qf4 g6 18. Rfd1 Rac8 19. Qh6 Qf8 20. Qxf8+ Kxf8
21. Rd4 Bc6 22. Rad1 h6 23. Rb4 Re7 24. Nfd4 Bd7 25. Rc1 Rce8 26. g3 g5 27. Ne2
Kg7 28. Ra1 Ne4 29. a4 Nc5 30. Nbc1 Kf6 31. a5 b5 32. Rd4 Be6 33. Rd1 Rb7 34.
Nd3 Nxd3 35. Rxd3 b4 36. cxb4 Rxb4 37. b3 Rc8 38. Nd4 f4 39. exf4 gxf4 40. Kg2
a6 41. Kf3 fxg3 42. hxg3 Bd7 43. Rh1 Kg6 44. Rh4 Re8 45. Rd1 h5 46. Kg2 Rb7 47.
Rd2 Re4 48. Rxe4 dxe4 49. Ne2 Bg4 50. Rd6+ Kg7 51. Nd4 Rc7 52. Rxa6 Rd7 53. f3
exf3+ 54. Nxf3 Bxf3+ 55. Kxf3 Rd3+ 56. Kf4 Rxb3 57. Rb6 Ra3 58. Ra6 Ra4+ 59.
Kg5 Rg4+ 60. Kxh5 Rxg3 61. Rb6 Ra3 62. a6 Ra5+ 63. Kg4 Ra1 64. Kf5 Ra4 65. Ke5
Ra1 66. Kd5 Ra2 67. Kc6 Kf6 68. Kb7+ Ke5 69. a7 Rxa7+ 70. Kxa7 f5 71. Rb5+ Ke4
72. Rb4+ Ke3 73. Rb3+ Ke2 74. Rb2+ Ke3 75. Rb3+ Ke2 76. Kb6 f4 77. Rb2+ Ke3 78.
Rb3+ Ke2 79. Kc5 f3 80. Rb2+ Ke3 81. Rb3+ Ke2 82. Kd4 f2 83. Rb2+ Kf3 84. Rb3+
1/2-1/2

[Event "Guimaraes op"]
[Site "Guimaraes POR"]
[Date "2018.10.07"]
[Round "7.2"]
[White "Spraggett, Kevin"]
[Black "Solodovnichenko, Yuri"]
[Result "0-1"]
[WhiteElo "2513"]
[BlackElo "2554"]
[PlyCount "77"]
[EventDate "2018.10.04"]
[EventType "swiss"]
[EventRounds "7"]
[EventCountry "POR"]
[Source "ChessMix"]
[SourceDate "2018.10.10"]

1. Nf3 d5 2. b3 Nf6 3. Bb2 e6 4. c4 Be7 5. e3 O-O 6. d4 c5 7. Bd3 Nc6 8. O-O
cxd4 9. exd4 b6 10. Nbd2 Bb7 11. Qe2 Nb4 12. Bb1 Rc8 13. a3 Nc6 14. Bd3 Qd6 15.
Rac1 dxc4 16. bxc4 Rfd8 17. Rfd1 Qf4 18. h3 Bd6 19. Re1 Qh6 20. Rc2 Nh5 21. g3
Nf6 22. Qf1 Bb8 23. Ne4 Nxe4 24. Rxe4 Qh5 25. Qe2 Ne7 26. d5 Ng6 27. dxe6 fxe6
28. Rg4 e5 29. Be4 Bxe4 30. Qxe4 Qxh3 31. Rc1 Nf4 32. Ng5 Qh5 33. Re1 g6 34.
Nxh7 Nh3+ 35. Kg2 Nxf2 36. Nf6+ Kf7 37. Kxf2 Rd2+ 38. Ke3 Qh6+ 39. Rf4 0-1

[Event "Famalicao op"]
[Site "Famalicao POR"]
[Date "2018.07.30"]
[Round "2.1"]
[White "Ermel, Francisco Roberto"]
[Black "Spraggett, Kevin"]
[Result "0-1"]
[WhiteElo "2013"]
[BlackElo "2530"]
[PlyCount "84"]
[EventDate "2018.07.29"]
[EventType "swiss"]
[EventRounds "9"]
[EventCountry "POR"]
[Source "ChessMix"]
[SourceDate "2018.08.10"]

1. Nf3 g6 2. g3 Bg7 3. e4 c5 4. d3 Nc6 5. Bg2 e5 6. O-O Nge7 7. Nbd2 O-O 8. Nc4
d6 9. a4 h6 10. c3 Be6 11. Qe2 Qd7 12. b3 f5 13. exf5 gxf5 14. Bb2 Ng6 15. Rad1
d5 16. Ncd2 Rae8 17. Ne1 d4 18. c4 Rf6 19. Nc2 a5 20. Rde1 Bf7 21. Qd1 e4 22.
dxe4 f4 23. f3 Nce5 24. Nb1 h5 25. Rf2 fxg3 26. hxg3 h4 27. g4 Be6 28. Ref1 Bh6
29. Bc1 Bxc1 30. Qxc1 Nf4 31. Ne1 Ref8 32. Qd2 b6 33. Kh2 Qc7 34. Kg1 Rg6 35.
Na3 h3 36. Bh1 Bxg4 37. fxg4 Nxg4 38. Bf3 Ne3+ 39. Kh1 Nxf1 40. Rxf1 Nh5 41.
Rg1 Ng3+ 42. Rxg3 Qxg3 0-1

[Event "Famalicao op"]
[Site "Famalicao POR"]
[Date "2018.07.30"]
[Round "3.1"]
[White "Spraggett, Kevin"]
[Black "Forgas Moreno, Yaniela"]
[Result "1-0"]
[WhiteElo "2530"]
[BlackElo "2242"]
[PlyCount "125"]
[EventDate "2018.07.29"]
[EventType "swiss"]
[EventRounds "9"]
[EventCountry "POR"]
[Source "ChessMix"]
[SourceDate "2018.08.10"]

1. d4 f5 2. Nc3 d5 3. Bf4 e6 4. e3 Nf6 5. Nb5 Na6 6. Bd3 c6 7. Nc3 c5 8. Bxa6
bxa6 9. Nf3 cxd4 10. exd4 Qb6 11. Rb1 Be7 12. O-O O-O 13. Ne5 Nd7 14. Re1 Nxe5
15. Bxe5 Bd7 16. Ne2 Bg5 17. Nf4 Bxf4 18. Bxf4 Rac8 19. c3 a5 20. Re3 a4 21.
Rg3 Rf7 22. Qh5 Be8 23. h4 Rb7 24. Qe2 Rc6 25. h5 Qd8 26. h6 Bg6 27. hxg7 Kxg7
28. Re1 Kf7 29. Re3 Qd7 30. Re5 Rbb6 31. a3 Qb7 32. Bc1 Qd7 33. Qf3 Kg8 34. Qf4
Qf7 35. R1e3 Rb7 36. Rg3 Qf6 37. Qh6 Qf8 38. Qh4 Qe7 39. Qh5 Qf7 40. Qd1 Rc4
41. Rge3 Rb6 42. Qe1 Rcc6 43. Rh3 Qf6 44. Ree3 Rb7 45. Reg3 Kf7 46. Bg5 Qg7 47.
Bc1 Qf6 48. Kh2 Ke8 49. Qe2 Kd7 50. Bf4 Qf7 51. Be5 Rcb6 52. Rh6 Rxb2 53. Qa6
R2b6 54. Qxa4+ Rc6 55. c4 f4 56. Rc3 dxc4 57. f3 Qf8 58. Rh4 Bd3 59. Rxd3 Qe7
60. Rh6 Qg5 61. Rxh7+ Kd8 62. Rh8+ Ke7 63. Rd1 1-0

[Event "Famalicao op"]
[Site "Famalicao POR"]
[Date "2018.07.31"]
[Round "4.1"]
[White "Galego, Luis"]
[Black "Spraggett, Kevin"]
[Result "1/2-1/2"]
[WhiteElo "2471"]
[BlackElo "2530"]
[PlyCount "38"]
[EventDate "2018.07.29"]
[EventType "swiss"]
[EventRounds "9"]
[EventCountry "POR"]
[Source "ChessMix"]
[SourceDate "2018.08.10"]

1. d4 Nf6 2. Nf3 g6 3. Bg5 Bg7 4. Nbd2 O-O 5. c3 d6 6. e4 c5 7. dxc5 dxc5 8.
Be2 Qc7 9. O-O Nc6 10. Qc2 b6 11. Rfe1 Bb7 12. Bh4 Rad8 13. Bg3 e5 14. Nc4 Nh5
15. Ne3 f6 16. Nd5 Qb8 17. Rad1 Kh8 18. Nd2 Nf4 19. Bxf4 exf4 1/2-1/2

[Event "Famalicao op"]
[Site "Famalicao POR"]
[Date "2018.08.01"]
[Round "5.1"]
[White "Spraggett, Kevin"]
[Black "Martinez Duany, Lelys Stanley"]
[Result "1/2-1/2"]
[WhiteElo "2530"]
[BlackElo "2528"]
[PlyCount "98"]
[EventDate "2018.07.29"]
[EventType "swiss"]
[EventRounds "9"]
[EventCountry "POR"]
[Source "ChessMix"]
[SourceDate "2018.08.10"]

1. d4 Nf6 2. c4 g6 3. Nc3 Bg7 4. e4 d6 5. Nf3 O-O 6. Be2 c5 7. O-O cxd4 8. Nxd4
Nc6 9. Be3 Bd7 10. h3 Nxd4 11. Bxd4 Bc6 12. Qc2 a5 13. Rad1 Qc7 14. Rfe1 Nd7
15. Bxg7 Kxg7 16. Bf1 Nc5 17. Nd5 Bxd5 18. exd5 e5 19. dxe6 fxe6 20. Qc3+ e5
21. g3 Qb6 22. Rd2 Rf6 23. Qe3 Raf8 24. Bg2 Qc7 25. Red1 b6 26. h4 h6 27. b3
R8f7 28. Bd5 Rf8 29. Kg2 Qc8 30. a3 a4 31. b4 Nb3 32. Re2 Qc7 33. f3 Qd8 34.
Rf2 Qc7 35. Qe4 Qc8 36. Bc6 h5 37. Bxa4 Nd4 38. Rxd4 exd4 39. Bc6 Qa6 40. Qxd4
Qxa3 41. Bd5 Qa7 42. Re2 Kh7 43. Qc3 Rf5 44. f4 b5 45. Qe1 Kh6 46. Re7 Qd4 47.
Re4 Qb2+ 48. Re2 Qd4 49. Re4 Qb2+ 1/2-1/2

[Event "Famalicao op"]
[Site "Famalicao POR"]
[Date "2018.08.01"]
[Round "6.3"]
[White "Safranska, Anda"]
[Black "Spraggett, Kevin"]
[Result "1/2-1/2"]
[WhiteElo "2211"]
[BlackElo "2530"]
[PlyCount "121"]
[EventDate "2018.07.29"]
[EventType "swiss"]
[EventRounds "9"]
[EventCountry "POR"]
[Source "ChessMix"]
[SourceDate "2018.08.10"]

1. Nf3 c5 2. g3 Nc6 3. Bg2 g6 4. e4 Bg7 5. O-O d6 6. d3 e5 7. c3 Nge7 8. a3 O-O
9. b4 h6 10. Nbd2 Be6 11. Re1 a6 12. Rb1 Rb8 13. Nb3 c4 14. dxc4 Bxc4 15. Bf1
Bxf1 16. Kxf1 f5 17. c4 fxe4 18. Nfd2 b5 19. cxb5 axb5 20. Nxe4 d5 21. Nec5 Qc8
22. Kg2 Qf5 23. Rb2 Kh7 24. f3 Rfd8 25. Rf2 d4 26. Ne4 Nd5 27. Qc2 Rbc8 28.
Nbc5 Nce7 29. Kg1 Qf7 30. Qd3 Nf5 31. Qxb5 Nfe3 32. Qd3 Kh8 33. Qb3 Rc7 34. Bd2
Bf8 35. Qd3 Rcc8 36. Qb3 g5 37. Bxe3 dxe3 38. Rff1 Qg6 39. Re2 g4 40. fxg4 Qxg4
41. Rxe3 Nxe3 42. Qxe3 Rd1 43. Rxd1 Qxd1+ 44. Kg2 Bg7 45. Qf3 Qd5 46. Qg4 Ra8
47. Qg6 Rxa3 48. Kh3 Rf3 49. b5 Qd1 50. Ne6 Qd7 51. Kg2 Rb3 52. N4c5 Rb2+ 53.
Kh3 Qe7 54. Nxg7 Qxg7 55. Qe8+ Kh7 56. Ne6 Qf6 57. Nf8+ Kg7 58. Ne6+ Kh7 59.
Nf8+ Kg7 60. Ne6+ Kh7 61. Nf8+ 1/2-1/2

[Event "Famalicao op"]
[Site "Famalicao POR"]
[Date "2018.08.02"]
[Round "7.4"]
[White "Spraggett, Kevin"]
[Black "Costa, Paulo Jorge Lopes"]
[Result "1-0"]
[WhiteElo "2530"]
[BlackElo "2170"]
[PlyCount "47"]
[EventDate "2018.07.29"]
[EventType "swiss"]
[EventRounds "9"]
[EventCountry "POR"]
[Source "ChessMix"]
[SourceDate "2018.08.10"]

1. Nf3 Nf6 2. c4 e6 3. Nc3 Bb4 4. Qc2 O-O 5. a3 Bxc3 6. Qxc3 b6 7. e3 Bb7 8.
Be2 d6 9. b4 a5 10. Bb2 Nbd7 11. O-O Qe7 12. d4 Ne4 13. Qb3 f5 14. d5 e5 15.
Qc2 c5 16. bxa5 bxa5 17. Bd3 Ndf6 18. Nh4 Ng4 19. Nxf5 Rxf5 20. Bxe4 Qh4 21. h3
Rxf2 22. Rxf2 Nxf2 23. Bf5 Rf8 24. Rf1 1-0

[Event "Famalicao op"]
[Site "Famalicao POR"]
[Date "2018.08.03"]
[Round "8.2"]
[White "Campora, Daniel"]
[Black "Spraggett, Kevin"]
[Result "0-1"]
[WhiteElo "2405"]
[BlackElo "2530"]
[PlyCount "100"]
[EventDate "2018.07.29"]
[EventType "swiss"]
[EventRounds "9"]
[EventCountry "POR"]
[Source "ChessMix"]
[SourceDate "2018.08.10"]

1. e4 d6 2. d4 Nf6 3. Nc3 g6 4. Bg5 c6 5. Qd2 b5 6. Bd3 Bg7 7. h3 O-O 8. Nf3
Qc7 9. O-O Nbd7 10. Bh6 e5 11. dxe5 dxe5 12. Ne2 Nc5 13. Ng3 Re8 14. Bxg7 Kxg7
15. b4 Na4 16. Nh4 a5 17. a3 axb4 18. axb4 Be6 19. Qg5 Ng8 20. Qd2 f6 21. Nf3
Red8 22. Rfb1 Rd7 23. Qe1 Nh6 24. Nd2 Nf7 25. Nb3 Bxb3 26. Rxb3 Rad8 27. Nf1
Qb6 28. Ne3 Rd4 29. Qe2 Ng5 30. Nf1 Ne6 31. Qe3 Nf4 32. Be2 Qb7 33. h4 Qe7 34.
Rab1 Qe6 35. c3 Nxe2+ 36. Qxe2 Rd3 37. Qc2 Qc4 38. Rc1 Qxe4 39. c4 Qxc4 40.
Rxd3 Qxc2 41. Rxc2 Rxd3 42. Rxc6 Rd4 43. Rc7+ Kh6 44. Ne3 f5 45. g4 fxg4 46.
Kg2 Rf4 47. Nd5 Rf8 48. Ne3 g5 49. Nxg4+ Kh5 50. Nf6+ Rxf6 0-1

[Event "Famalicao op"]
[Site "Famalicao POR"]
[Date "2018.08.04"]
[Round "9.1"]
[White "Spraggett, Kevin"]
[Black "Nagy, Gabor Peter"]
[Result "1/2-1/2"]
[WhiteElo "2530"]
[BlackElo "2474"]
[PlyCount "23"]
[EventDate "2018.07.29"]
[EventType "swiss"]
[EventRounds "9"]
[EventCountry "POR"]
[Source "ChessMix"]
[SourceDate "2018.08.10"]

1. d4 Nf6 2. c4 g6 3. Nc3 Bg7 4. e4 d6 5. Nf3 O-O 6. Be2 Bg4 7. Be3 Nfd7 8. h4
e5 9. d5 a5 10. g3 Na6 11. Kf1 Nac5 12. Kg2 1/2-1/2

[Event "POR-Tch Top League"]
[Site "Maia POR"]
[Date "2018.07.16"]
[Round "1.4"]
[White "Asis Gargatagli, Hipolito"]
[Black "Spraggett, Kevin"]
[Result "1-0"]
[WhiteElo "2538"]
[BlackElo "2530"]
[PlyCount "53"]
[EventDate "2018.07.16"]
[EventType "team"]
[EventRounds "9"]
[EventCountry "POR"]
[Source "ChessMix"]
[SourceDate "2018.08.01"]
[WhiteTeam "Amadora Xadrez_A"]
[BlackTeam "AXPortugal/Atlantidiagonal_A"]

1. e4 c5 2. Nf3 e6 3. d4 cxd4 4. Nxd4 a6 5. Nc3 Qc7 6. Qf3 Nc6 7. Nxc6 bxc6 8.
Qg3 Qxg3 9. hxg3 d6 10. b3 Bb7 11. Bb2 Nf6 12. f3 h6 13. O-O-O Nd7 14. Na4 Rg8
15. Kb1 Be7 16. Be2 c5 17. Bc3 O-O-O 18. Ba5 Rde8 19. Rd2 Ne5 20. c3 Kb8 21.
Rhd1 f5 22. Rxd6 Bxd6 23. Rxd6 fxe4 24. Nxc5 exf3 25. gxf3 Nc6 26. Bb6 Re7 27.
Nxa6+ 1-0

[Event "POR-Tch Top League"]
[Site "Maia POR"]
[Date "2018.07.17"]
[Round "2.2"]
[White "Spraggett, Kevin"]
[Black "Zelbel, Patrick"]
[Result "1-0"]
[WhiteElo "2530"]
[BlackElo "2418"]
[PlyCount "115"]
[EventDate "2018.07.16"]
[EventType "team"]
[EventRounds "9"]
[EventCountry "POR"]
[Source "ChessMix"]
[SourceDate "2018.08.01"]
[WhiteTeam "AXPortugal/Atlantidiagonal_A"]
[BlackTeam "CX Montemor-O-Velho_A"]

1. d4 Nf6 2. c4 e6 3. Nf3 c5 4. d5 exd5 5. cxd5 d6 6. Nc3 g6 7. Nd2 Bg7 8. e4
O-O 9. Be2 Re8 10. O-O Nbd7 11. a4 Ne5 12. Re1 g5 13. Nf1 h6 14. Ng3 Ng6 15.
Ra3 a6 16. h3 Rb8 17. a5 b5 18. axb6 Rxb6 19. b3 Nh5 20. Bxh5 Bxc3 21. Bd2 Bb2
22. Ra2 Qf6 23. Bg4 Be5 24. Bxc8 Bxg3 25. Ba5 Rb5 26. Bf5 Be5 27. Bd7 Rxa5 28.
Rxa5 Re7 29. Bg4 Bc3 30. Rxa6 Bxe1 31. Qxe1 Qf4 32. Bf3 f5 33. Ra8+ Kh7 34. Ra4
g4 35. hxg4 fxg4 36. Bd1 Ne5 37. Qc3 Rf7 38. Ra2 h5 39. g3 Qf6 40. Kg2 h4 41.
gxh4 Qxh4 42. Qg3 Qg5 43. Ra1 Kg7 44. Ra6 Qg6 45. Ra4 c4 46. Qe3 Nd3 47. Ra7
Ne1+ 48. Kg3 Rxa7 49. Qxa7+ Kf8 50. Qb8+ Ke7 51. Qc7+ Kf8 52. Qxc4 Qh6 53. Bxg4
Qh1 54. Qc8+ Kg7 55. Qd7+ Kh8 56. Qe8+ Kg7 57. Qe7+ Kh8 58. Qf8+ 1-0

[Event "POR-Tch Top League"]
[Site "Maia POR"]
[Date "2018.07.17"]
[Round "3.5"]
[White "Silva, Luis Neves Da"]
[Black "Spraggett, Kevin"]
[Result "1-0"]
[WhiteElo "2360"]
[BlackElo "2530"]
[PlyCount "143"]
[EventDate "2018.07.16"]
[EventType "team"]
[EventRounds "9"]
[EventCountry "POR"]
[Source "ChessMix"]
[SourceDate "2018.08.01"]
[WhiteTeam "CX A2D_A"]
[BlackTeam "AXPortugal/Atlantidiagonal_A"]

1. Nf3 e6 2. c4 f5 3. Nc3 Nf6 4. g3 d5 5. cxd5 exd5 6. e3 c6 7. Bg2 Bc5 8. O-O
O-O 9. b3 Qe7 10. a3 Na6 11. Bb2 Nc7 12. Qc2 Bd7 13. Ne2 Bd6 14. Nf4 Rae8 15.
b4 Ng4 16. h3 Ne5 17. Nxe5 Bxe5 18. Bxe5 Qxe5 19. a4 a6 20. Nd3 Qf6 21. Qc3
Qxc3 22. dxc3 Kf7 23. Nc5 Bc8 24. Rfd1 Ke7 25. Ra2 g5 26. Bf3 Ne6 27. a5 g4 28.
Bg2 Ng5 29. h4 Nf7 30. Bf1 Ne5 31. Be2 Kf6 32. Rd4 Re7 33. Kf1 Be6 34. Rad2 Bf7
35. Ke1 Rb8 36. Kd1 Rc8 37. Kc1 Rce8 38. Rd1 h5 39. Kb2 Bg8 40. Bd3 Nf7 41. c4
Nd6 42. cxd5 Bxd5 43. Na4 Ke5 44. Nb6 Rd8 45. Rc1 Ne4 46. Rc2 Rf7 47. Kc1 Rff8
48. Bxe4 fxe4 49. Rcd2 Rf7 50. Kd1 Bb3+ 51. Ke1 Rxd4 52. Rxd4 Bd5 53. Rd2 Rc7
54. Rc2 Kd6 55. Rc5 Rf7 56. Na4 Rf8 57. Rc2 Rf7 58. Rd2 Ke5 59. Nc5 Rc7 60. Rd4
Rf7 61. Na4 Rc7 62. Nc3 Rc8 63. Rd2 Be6 64. Na4 Bd5 65. Rc2 Rc7 66. Rc5 Rd7 67.
Nc3 Rd8 68. Ne2 b6 69. axb6 Rb8 70. Kd2 Rxb6 71. Kc3 Rb5 72. Nf4 1-0

[Event "POR-Tch Top League"]
[Site "Maia POR"]
[Date "2018.07.19"]
[Round "5.5"]
[White "Spraggett, Kevin"]
[Black "Galego, Luis"]
[Result "1/2-1/2"]
[WhiteElo "2530"]
[BlackElo "2471"]
[PlyCount "59"]
[EventDate "2018.07.16"]
[EventType "team"]
[EventRounds "9"]
[EventCountry "POR"]
[Source "ChessMix"]
[SourceDate "2018.08.01"]
[WhiteTeam "AXPortugal/Atlantidiagonal_A"]
[BlackTeam "Assembleia Figueirense_A"]

1. e4 e6 2. d4 d5 3. exd5 exd5 4. Nf3 Bd6 5. Bd3 Ne7 6. O-O O-O 7. c3 Nbc6 8.
Re1 Bf5 9. Bxf5 Nxf5 10. Qb3 Rb8 11. Nbd2 Nce7 12. Nf1 Ng6 13. Ng3 Nxg3 14.
hxg3 c6 15. Bd2 h6 16. Re2 Re8 17. Rae1 Rxe2 18. Rxe2 Qd7 19. a4 b6 20. c4 Qf5
21. Re1 dxc4 22. Qxc4 Rc8 23. Qa6 Qd7 24. b3 Rd8 25. Rc1 Ne7 26. Qc4 Qf5 27. a5
b5 28. Qc2 Qxc2 29. Rxc2 f6 30. Kf1 1/2-1/2

[Event "POR-Tch Top League"]
[Site "Maia POR"]
[Date "2018.07.19"]
[Round "6.2"]
[White "Ferreira, Jorge Antonio"]
[Black "Spraggett, Kevin"]
[Result "1-0"]
[WhiteElo "2522"]
[BlackElo "2530"]
[PlyCount "63"]
[EventDate "2018.07.16"]
[EventType "team"]
[EventRounds "9"]
[EventCountry "POR"]
[Source "ChessMix"]
[SourceDate "2018.08.01"]
[WhiteTeam "GD Dias Ferreira_A"]
[BlackTeam "AXPortugal/Atlantidiagonal_A"]

1. c4 c5 2. g3 Nf6 3. Bg2 e6 4. Nf3 d6 5. O-O a6 6. Nc3 Be7 7. e3 Qc7 8. Qe2 b6
9. b3 Bb7 10. Bb2 O-O 11. Rac1 Nbd7 12. d4 Ne4 13. Rfd1 Rfe8 14. d5 Nxc3 15.
Bxc3 exd5 16. cxd5 Qd8 17. Nd2 Bf6 18. Ne4 Bxc3 19. Nxd6 Bf6 20. Nxb7 Qb8 21.
d6 Ra7 22. Qf3 Rc8 23. Qd5 a5 24. g4 h6 25. f4 g6 26. g5 hxg5 27. fxg5 Bg7 28.
Rc4 Rf8 29. Rf4 b5 30. Qc6 Ne5 31. Qxb5 Ra8 32. d7 1-0

[Event "POR-Tch Top League"]
[Site "Maia POR"]
[Date "2018.07.20"]
[Round "7.4"]
[White "Spraggett, Kevin"]
[Black "Vavulin, Maksim"]
[Result "1/2-1/2"]
[WhiteElo "2530"]
[BlackElo "2552"]
[PlyCount "130"]
[EventDate "2018.07.16"]
[EventType "team"]
[EventRounds "9"]
[EventCountry "POR"]
[Source "ChessMix"]
[SourceDate "2018.08.01"]
[WhiteTeam "AXPortugal/Atlantidiagonal_A"]
[BlackTeam "GX Porto_A"]

1. c4 e5 2. Nc3 d6 3. g3 f5 4. Bg2 Nf6 5. d3 Be7 6. f4 exf4 7. Bxf4 O-O 8. Nh3
c6 9. Qb3 Na6 10. d4 Nc7 11. Rd1 Rb8 12. O-O Kh8 13. Bxc6 Ne4 14. Nxe4 fxe4 15.
Nf2 Bh3 16. Nxh3 bxc6 17. Qc2 Bf6 18. b3 Re8 19. Be3 d5 20. Nf4 Ne6 21. cxd5
cxd5 22. Nxe6 Rxe6 23. Rc1 Ra6 24. Qd2 Kg8 25. Bf4 Rb7 26. e3 Qd7 27. Rc5 Be7
28. Rc2 Rg6 29. Rfc1 h6 30. Rc7 Rxc7 31. Rxc7 Qe6 32. Rxa7 Bg5 33. Ra8+ Kh7 34.
Bxg5 Rxg5 35. Rf8 Rg6 36. Qf2 Qc6 37. Kg2 Qc1 38. Qf7 Qd2+ 39. Kh3 Rf6 40. Qg8+
Kg6 41. Rxf6+ Kxf6 42. Qf8+ Kg6 43. Qf4 h5 44. a4 Qb4 45. Qe5 Qxb3 46. Kh4 Qxe3
47. Qxh5+ Kf6 48. Qe5+ Kg6 49. Qe6+ Kh7 50. Qf5+ g6 51. Qf7+ Kh6 52. Qf6 Kh7
53. Qf7+ Kh6 54. Qxd5 Qe2 55. Qg5+ Kh7 56. Qe7+ Kh6 57. Qf8+ Kh7 58. Qf7+ Kh6
59. Qf4+ Kg7 60. Qe5+ Kf7 61. g4 Qe3 62. Qc7+ Kf6 63. Qd6+ Kf7 64. d5 Qh6+ 65.
Kg3 Qe3+ 1/2-1/2

[Event "POR-Tch Top League"]
[Site "Maia POR"]
[Date "2018.07.21"]
[Round "8.3"]
[White "Iturrizaga Bonelli, Eduardo"]
[Black "Spraggett, Kevin"]
[Result "1/2-1/2"]
[WhiteElo "2652"]
[BlackElo "2530"]
[PlyCount "53"]
[EventDate "2018.07.16"]
[EventType "team"]
[EventRounds "9"]
[EventCountry "POR"]
[Source "ChessMix"]
[SourceDate "2018.08.01"]
[WhiteTeam "AX Gaia_A"]
[BlackTeam "AXPortugal/Atlantidiagonal_A"]

1. c4 Nf6 2. g3 c5 3. Bg2 e6 4. Nf3 a6 5. d4 cxd4 6. Nxd4 d6 7. O-O Be7 8. b3
Qc7 9. Bb2 Bd7 10. Nc3 Nc6 11. e3 Rc8 12. Rc1 Qb8 13. Na4 Nxd4 14. Bxd4 Bc6 15.
Nb6 Rd8 16. Bxc6+ bxc6 17. Qf3 Qb7 18. c5 d5 19. Bxf6 Bxf6 20. e4 O-O 21. exd5
exd5 22. Rfe1 Rfe8 23. Re2 Re6 24. Rxe6 fxe6 25. Qg4 Qf7 26. Qa4 Qb7 27. Qg4
1/2-1/2

[Event "POR-Tch Top League"]
[Site "Maia POR"]
[Date "2018.07.22"]
[Round "9.3"]
[White "Spraggett, Kevin"]
[Black "Larino Nieto, David"]
[Result "0-1"]
[WhiteElo "2530"]
[BlackElo "2423"]
[PlyCount "102"]
[EventDate "2018.07.16"]
[EventType "team"]
[EventRounds "9"]
[EventCountry "POR"]
[Source "ChessMix"]
[SourceDate "2018.08.01"]
[WhiteTeam "AXPortugal/Atlantidiagonal_A"]
[BlackTeam "O Amanhã da Criança_A"]

1. c4 e6 2. Nf3 g5 3. d4 h6 4. Nc3 Bg7 5. h3 d6 6. g4 Nc6 7. e3 f5 8. Rg1 fxg4
9. hxg4 Nge7 10. Be2 O-O 11. Bd2 Bd7 12. a3 Be8 13. Qb3 Bg6 14. Rg3 Qd7 15. Kf1
Rf7 16. Kg1 Raf8 17. Rf1 b6 18. Qd1 Nb8 19. b4 c5 20. bxc5 bxc5 21. dxc5 dxc5
22. Na4 Qc7 23. Bc3 e5 24. Nd2 Nd7 25. Rh3 Nf6 26. Rg3 Ne4 27. Nxe4 Bxe4 28.
Ba1 Ba8 29. Nc3 e4 30. Rh3 Rd8 31. Qc2 Qc6 32. Nd5 Bxa1 33. Rxa1 Qe6 34. Rf1
Rc8 35. Nxe7+ Rxe7 36. Qc3 Rf8 37. Rh2 Rd7 38. Rb1 Kh7 39. a4 Bc6 40. a5 Rfd8
41. Kg2 Rf7 42. Kg1 Kg8 43. a6 Rfd7 44. Kg2 Rf8 45. Kg1 Rd6 46. Rb2 Bd7 47. Rb7
Rxa6 48. Qd2 Ra1+ 49. Kg2 Qf6 50. Bd1 Bc6 51. Rc7 Rb1 0-1

[Event "Portugal op Rapid"]
[Site "Lisboa POR"]
[Date "2018.02.10"]
[Round "1.7"]
[White "Guia, Artur Solovyov Eloy"]
[Black "Spraggett, Kevin"]
[Result "0-1"]
[WhiteElo "1668"]
[BlackElo "2535"]
[PlyCount "120"]
[EventDate "2018.02.10"]
[EventType "swiss (rapid)"]
[EventRounds "8"]
[EventCountry "POR"]
[Source "Chess Mix"]
[SourceDate "2018.02.20"]

1. e4 c5 2. Nf3 e6 3. d4 cxd4 4. Nxd4 a6 5. Nc3 Qc7 6. Be3 Nf6 7. Bd3 Be7 8.
O-O b5 9. a3 Bb7 10. f3 d6 11. Qd2 O-O 12. Rad1 d5 13. exd5 Nxd5 14. Nxd5 Bxd5
15. Kh1 Nd7 16. Rfe1 Nc5 17. Bf4 Qb7 18. h3 Rfd8 19. Qe3 Bf8 20. Be4 Na4 21. b3
Nb6 22. Bh2 Rac8 23. Rd3 Bxe4 24. Qxe4 Qxe4 25. fxe4 Bxa3 26. Red1 Bf8 27. Kg1
h6 28. Kf1 Re8 29. R1d2 g6 30. Ke2 Bb4 31. Rd1 e5 32. Nf3 Rxc2+ 33. Kf1 f6 34.
Rd8 Rc8 35. R8d3 Kf7 36. Ke2 Bc5 37. Bg1 Bxg1 38. Nxg1 a5 39. Nf3 a4 40. bxa4
Nxa4 41. Rd7+ Re7 42. R7d5 Nc3+ 43. Ke3 Nxd1+ 44. Rxd1 b4 45. Rb1 Rb7 46. Kd3
b3 47. Nd2 b2 48. Nc4 Rb3+ 49. Kc2 Rg3 50. Kxb2 Rxc4 51. Rc1 Rxg2+ 52. Kb1
Rxc1+ 53. Kxc1 f5 54. exf5 gxf5 55. Kd1 e4 56. Ke1 f4 57. Kf1 f3 58. Ke1 e3 59.
Kf1 h5 60. h4 Kf6 0-1